ROŽNAY, Samuel (pseud. N. Slovák) básnik, prekladateľ, učiteľ (27. 7. 1787 Zvolen - 14. 11. 1815 Banská Bystrica)

Bibliographic Details
Format: Article
Language:Slovak
ISBN:8070902167 viaz
Subjects:

MARC

LEADER 00000naa a2200000uu 4500
001 vtls010923678
003 SK-MaSNL
005 20260302130305.0
008 220808|1992 xo |||||||||||||||||slo|
015 |a SNBRA 
035 |a (urnnbn)urn:nbn:sk:snk:ar-a0d1xq 
035 |a (uuid)05379fed-5bad-494f-91cc-0bf6f9e65cfd 
035 |a urn:nbn:sk:snk-aatqn6 
040 |a SNKBUCL  |b slo  |c SNKBUCL  |e AACR2 
041 0 |a slo 
044 |a xo  |c SK 
245 0 0 |a ROŽNAY, Samuel (pseud. N. Slovák)  |b básnik, prekladateľ, učiteľ (27. 7. 1787 Zvolen - 14. 11. 1815 Banská Bystrica) 
600 1 7 |a Rožnay, Samuel,  |d 1787-1815  |2 SNKMA  |9 203588 
655 7 |a biografické heslá  |2 SNKPH  |9 368942 
773 0 |t Slovenský biografický slovník : (od roku 833 do roku 1990). V. zväzok, R-Š  |d Martin : Matica slovenská, 1992  |g S. 134  |z 8070902167 viaz 
954 |a odborná, vedecká literatúra pôvodná (slovenská)  |2 lita 
958 |a OND 
958 |a BX 
958 |a article25 
958 |a chapter 
999 |c 1298521  |d 1300451